Szczegóły MARC21

Storia della tradizione e critica del testo

005 -DATA I CZAS OSTATNIEJ MODYFIKACJI [,]
    • @
    • pole kontrolne
    • 20121206140024.0
040 -Instytucja sporządzająca opis [ , ]
    • a
    • Instytucja, która sporządziła opis (NP)
    • SZCZ U/SA
    • c
    • Instytucja, która sporządziła rekord (NP)
    • SZCZ U/SA
    • d
    • Instytucja, która zmodyfikowała rekord (P)
    • SZCZ U/RJ
041 -Język dokumentu [0, ]
    • a
    • Język tekstu (P)
    • włoski
044 -Kraj miejsca wydania [ , ]
    • a
    • Kraj miejsca wydania
    • Włochy
942 -Rodzaj dokumentu [ , ]
    • c
    • Rodzaj dokumentu
    • Książka
100 -Hasło główne - nazwa osobowa [1, ]
    • 9
    • KHW
    • 49963
    • a
    • Nazwa osobowa (NP)
    • Pasquali, Giorgio
    • d
    • Daty biograficzne (NP)
    • (1885-1952).
245 -Strefa tytułu i oznaczenia odpowiedzialności [1,0]
    • a
    • Tytuł
    • Storia della tradizione e critica del testo Find
    • c
    • Pozostałe elementy strefy tytułu i oznaczenia odpowiedzialności (NP)
    • Giorgio Pasquali
250 -Strefa wydania [ , ]
    • a
    • Oznaczenie wydania (NP)
    • 2 ed. con nuova prefazione e aggiunta di tre appendici.
260 -Strefa adresu wydawniczego [ , ]
    • a
    • Miejsce wydania (P)
    • Firenze :
    • b
    • Nazwa wydawcy (P)
    • Felice le Monnier,
    • c
    • Data wydania (P)
    • 1962.
300 -Strefa opisu fizycznego [ , ]
    • a
    • Określenie formy książki i/lub objętość (NP)
    • XXIV, 525 s. ;
    • c
    • Format (NP)
    • 23 cm.
504 -Uwaga dot. bibliogr. załącznikowej [ , ]
    • a
    • Uwaga dot. bibliografii załącznikowej
    • Ind.
080 -Uniwersalna Klasyfikacja Dziesiętna [ , ]
    • 2
    • Identyfikator wydania tablic
    • UDC-P058
    • 9
    • UKD
    • 6361
    • a
    • Symbol klasyfikacji
    • 801
    • b
    • Dopowiedzenie
    • Prozodia. Nauki pomocnicze i źródła filologii.
    • 4
    • UKD2
    • 7652
    • x
    • Poddział wspólny
    • =131.1
    • c
    • Dopowiedzenie poddz. wspólnego
    • =Język włoski.
080 -Uniwersalna Klasyfikacja Dziesiętna [ , ]
    • 2
    • Identyfikator wydania tablic
    • UDC-P058
    • 9
    • UKD
    • 6363
    • a
    • Symbol klasyfikacji
    • 801.7
    • b
    • Dopowiedzenie
    • Nauki pomocnicze filologii. Hermeneutyka. Krytyka tekstów. Egzegeza. Tekstologia
    • 4
    • UKD2
    • 7652
    • x
    • Poddział wspólny
    • =131.1
    • c
    • Dopowiedzenie poddz. wspólnego
    • =Język włoski.
080 -Uniwersalna Klasyfikacja Dziesiętna [ , ]
    • 2
    • Identyfikator wydania tablic
    • UDC-P058
    • 9
    • UKD
    • 6366
    • a
    • Symbol klasyfikacji
    • 808.2
    • b
    • Dopowiedzenie
    • Edytorstwo. Wydawanie tekstu. Technika edytorska. Redaktorstwo
    • 4
    • UKD2
    • 7652
    • x
    • Poddział wspólny
    • =131.1
    • c
    • Dopowiedzenie poddz. wspólnego
    • =Język włoski.
080 -Uniwersalna Klasyfikacja Dziesiętna [ , ]
    • 2
    • Identyfikator wydania tablic
    • UDC-P058
    • 9
    • UKD
    • 6630
    • a
    • Symbol klasyfikacji
    • 82.09
    • b
    • Dopowiedzenie
    • Krytyka literacka. Teoria i zasady krytyki.
    • 4
    • UKD2
    • 7652
    • x
    • Poddział wspólny
    • =131.1
    • c
    • Dopowiedzenie poddz. wspólnego
    • =Język włoski.
980 -Symbol UKD [ , ]
    • a
    • UKD
    • 801:801.7:808.2:82.09]=131.1
Sygnatura Data inwentaryzacji Lokalizacja Numer inwentarzowy Status udost.
WŁ. Literaturoznawstwo 032008-03-07BMP.208941